000 00562cab a2200217 4500
001 A51
008 090401t1990 xxu||||| |||| 00| 0 eng d
035 _a(Sirsi) u31957
041 _aeng
100 _aSmith, R.
245 _aLaying the foundations for GIS at Kirklees
260 _c1990
350 _a0
490 _aLand & Minerals Surveying
_v8(10) October 1990, 21-25(5)
650 _aFEASIBILITY
650 _aGIS
650 _aKIRKLEES MC
690 _aMANAGEMENT-BUSINESS MANAGEMENT-INFORMATION MANAGEMENT
942 _n0
948 _c04/03/1997
999 _c21444
_d21444